Zdravá výživa z kvalitných BIO potravín
Geografické rozmiestnenie podnikov v systéme ekologického poľnohospodárstva na Slovensku v roku 1998. Ekologické poľnohospodárstvo znamená návrat k prírode, s citlivým prístupom k životnému prostrediu. Organizácia výroby bioproduktov a biopotravín.
Guardado en:
| Autor principal: | |
|---|---|
| Formato: | Capítulo de libro |
| Lenguaje: | eslovaco |
| Materias: | |
| Etiquetas: |
Sin Etiquetas, Sea el primero en etiquetar este registro!
|
MARC
| LEADER | 00000naa a2200000 4500 | ||
|---|---|---|---|
| 001 | r041546 | ||
| 005 | 20230602072848.9 | ||
| 041 | 0 | |a slo | |
| 044 | |a SK | ||
| 245 | 1 | 0 | |a Zdravá výživa z kvalitných BIO potravín |c Ján Magál |
| 520 | |a Geografické rozmiestnenie podnikov v systéme ekologického poľnohospodárstva na Slovensku v roku 1998. Ekologické poľnohospodárstvo znamená návrat k prírode, s citlivým prístupom k životnému prostrediu. Organizácia výroby bioproduktov a biopotravín. | ||
| 610 | 2 | 0 | |a výživa |
| 610 | 2 | 0 | |a zdravie |
| 610 | 2 | 0 | |a potraviny |
| 610 | 2 | 0 | |a bioprodukty |
| 610 | 2 | 0 | |a Slovensko |
| 100 | 1 | |a Magál, Ján | |